Thirteen Colonies Quiz Stats

 Plays Quiz not verified by Sporcle

Score 0/13 Timer 01:00
0 Plays Today
% Correct
Massachusetts
77.3%
New York
75.5%
North Carolina
65.9%
New Jersey
64.1%
South Carolina
63%
Delaware
60.1%
New Hampshire
57.9%
Maryland
55.9%
Virginia
51.7%
Rhode Island
51%
Connecticut
49.7%
Georgia
49.4%
Pennsylvania
48.3%

You're not logged in!

Compare scores with friends on all Sporcle quizzes.
OR
Log In

Sporcle TV

Today on Sporcle TV


Watch our educational content, quiz creation guides, and fun videos on Sporcle TV.

Show Comments

Extras

Created Sep 11, 2017ReportNominate
Tags:Colony, thirteen

Top Quizzes Today


Score Distribution

Your Account Isn't Verified!

In order to create a playlist on Sporcle, you need to verify the email address you used during registration. Go to your Sporcle Settings to finish the process.

Report this User

Report this user for behavior that violates our Community Guidelines.

Details: